=LDR 00000nam 2200000 4500 =001 INLIS000000000005588 =005 20130612093824 =008 ***********************************Ind** =035 ##$$0010-061300000005588 =041 ##$$a Ind =082 ##$$a 131 =090 ##$$a 131, on b =100 ##$$a de Bono, Edwar =245 ##$$a Berpikir interal, Edward de Bono =260 ##$$a 1987 $b Jakarta =300 ##$$a 296 hlm., Ilus., 18 cm =650 ##$$a Pemikiran =700 ##$$a Sutoyo